BLEACHの鬼道 - Statistics

General Stats
  • This quiz has been taken 3 times
  • The average score is 7 of 42
Answer Stats
分類 詠唱 答え 日本語 % Correct
縛道の一 sai
100%
破道の四 byakurai 白雷
50%
縛道の八十一 danku 段空
50%
破道の九十九 goryutenmetsu 五龍転滅
50%
縛道の四 hainawa 這縄
50%
破道の九十 滲み出す混濁の紋章、不遜なる狂気の器、湧き上がり・否定し・痺れ・瞬き・眠りを妨げる 爬行する鉄の王女、絶えず自壊する泥の人形、結合せよ、反発せよ、地に満ち 己の無力を知れ kurohitsugi 黒棺
50%
縛道の六十三 sajosabaku 鎖条鎖縛
50%
破道の九十一 千手の涯 届かざる闇の御手 映らざる天の射手 光を落とす道 火種を煽る風 集いて惑うな我が指を見よ 光弾・八身・九条・天経・疾宝・大輪・灰色の砲塔 弓引く彼方 皎皎として消ゆ senjukotentaiho 千手皓天汰炮
50%
破道の三十一 君臨者よ、血肉の仮面・万象・羽搏き・ヒトの名を冠す者よ 焦熱と争乱、海隔て逆巻き南へと歩を進めよ shakkaho 赤火砲
50%
破道の三十三 君臨者よ、血肉の仮面・万象・羽搏き・ヒトの名を冠す者よ 心理と節制、罪知らぬ夢の壁に僅かに爪を立てよ sokatsui 蒼火墜
50%
破道の七十三 君臨者よ・血肉の仮面・万象・羽搏き・ヒトの名を冠す者よ 蒼火の壁に双蓮を刻む 大火の淵を遠天にて待つ sorensokatsui 双蓮蒼火墜
50%
破道の五十八 tenran 闐嵐
50%
縛道の七十七 黒白の羅、二十二の橋梁、六十六の冠帯 足跡・遠雷・尖峰・回地・夜伏・雲海・蒼い隊列、太円に満ちて天を挺れ tenteikura 天挺空羅
50%
縛道の九十九第二番 bankin 卍禁
0%
縛道の九十九第二番 終曲 bankintaiho 卍禁太封
0%
破道の五十七 daichitenyo 大地転踊
0%
縛道の三十九 enkosen 円閘扇
0%
破道の十二 fushibi 伏火
0%
縛道の九 自壊せよ。ロンダニーニの黒犬。一読し、焼き払い、自ら喉を断ち切るがいい geki/horin 撃/崩輪
0%
縛道の七十五 鉄砂の壁 僧形の塔 灼鉄熒熒 湛然として終に音無し gochutekkan 五柱鉄貫
0%
破道の五十四 haien 廃炎
0%
破道の八十八 hiryugekizokushintenraiho 飛竜撃賊震天雷炮
0%
縛道の九十九第二番 弐曲 hyakurensan 百連閂
0%
縛道の六十二 hyapporankan 百歩欄干
0%
破道の九十六 ittokaso 一刀火葬
0%
縛道の五十八 南の心臓、北の瞳、西の指先、東の踵、風持ちて集い、雨払いて散れ kakushitsuijaku 掴趾追雀
0%
縛道の九十九 kin
0%
縛道の七十九 kuyoshibari 九曜縛
0%
縛道の二十六 kyokko 曲光
0%
破道の三十二 okasen 黄火閃
0%
破道の六十三 散在する獣の骨、尖塔・紅晶・鋼鉄の車輪 動けば風、止まれば空、槍打つ音色が虚城に満ちる raikoho 雷吼炮
0%
縛道の六十一 雷鳴の馬車 糸車の間隙 光もて此を六に別つ rikujokoro 六杖光牢
0%
縛道の八 seki
0%
縛道の二十一 sekienton 赤煙遁
0%
縛道の九十九第二番 初曲 shiryu 止繃
0%
縛道の三十 shitotsusansen 嘴突三閃
0%
破道の一 sho
0%
裏破道 三の道 teppusatsu 鉄封殺
0%
縛道の七十三 tozansho 倒山晶
0%
縛道の三十七 tsuriboshi 吊星
0%
破道の十一 tsuzuriraiden 綴雷電
0%
破道の七十八 zangerin 斬華輪
0%
No matching quizzes found
Score Distribution
Percent of People with Each Score
Percentile by Number Answered
Your Score History
You have not taken this quiz